| 000 | 00000nam 2200000zi 4500 |
| 001 | 9.946044 |
| 003 | CaOODSP |
| 005 | 20250127091940 |
| 006 | m o d f |
| 007 | cr mn||||||||| |
| 008 | 241210e20250127oncd obs f000 0 eng d |
| 020 | |a9780660748436 |
| 040 | |aCaOODSP|beng|erda|cCaOODSP |
| 043 | |an-cn--- |
| 086 | 1 |aCS89-654/2025-1E-PDF |
| 100 | 1 |aPresley, Laura, |eauthor. |
| 245 | 10|aEducation and employment experiences of youth with disabilities, 2022 / |cby Laura Presley. |
| 264 | 1|a[Ottawa] : |bStatistics Canada = Statistique Canada, |cJanuary 27, 2025. |
| 264 | 4|c©2025 |
| 300 | |a1 online resource (15 pages) : |bcolour graphs. |
| 336 | |atext|btxt|2rdacontent |
| 337 | |acomputer|bc|2rdamedia |
| 338 | |aonline resource|bcr|2rdacarrier |
| 490 | 0 |aReports on disability and accessibility in Canada |
| 500 | |aIssued also in French under title: Les expériences en matière d'études et d'emploi des jeunes ayant une incapacité, 2022. |
| 500 | |a"Catalogue no. 89-654-X2025001." |
| 504 | |aIncludes bibliographical references. |
| 520 | |a"Using data from the 2022 Canadian Survey on Disability (CSD), this fact sheet examines the combinations of educational and employment statuses among youth aged 15 to 24. It also provides insight into how disability-related (disability type, severity and cooccurrence) and sociodemographic characteristics (region, gender, 2SLGBTQ+, racialized group and immigration status) impact these combinations"--Provided by publisher. |
| 650 | 0|aYouth with disabilities|xEducation|zCanada|vStatistics. |
| 650 | 0|aYouth with disabilities|xEmployment|zCanada|vStatistics. |
| 655 | 7|aStatistics|2lcgft |
| 710 | 2 |aStatistics Canada, |eissuing body. |
| 775 | 08|tLes expériences en matière d'études et d'emploi des jeunes ayant une incapacité, 2022 / |w(CaOODSP)9.946045 |
| 856 | 40|qPDF|s333 KB|uhttps://publications.gc.ca/collections/collection_2025/statcan/89-654-x/89-654-x2025001-eng.pdf |
| 856 | 4 |qHTML|sN/A|uhttps://www150.statcan.gc.ca/n1/pub/89-654-x/89-654-x2025001-eng.htm |